Statistics for Chinese Satellite - Phoebe Bridgers (Lyrics)

Click here to take the quiz!

General Stats

  • This quiz has been taken 12 times
  • The average score is 186 of 214

Answer Stats

Answer% Correct
a
100%
at
100%
back
100%
be
100%
Chinese
100%
corner
100%
(I
100%
"I
100%
I
100%
on
100%
right
100%
satellite
100%
screamin'
100%
so
100%
So
100%
the
100%
They
100%
they
100%
to
100%
were
100%
When
100%
when
100%
wish
100%
You
100%
you
100%
around
92%
been
92%
believe
92%
believe)
92%
But
92%
but
92%
circles
92%
could
92%
didn't
92%
die
92%
Evangelicals
92%
go
92%
hard
92%
If
92%
if
92%
in
92%
it
92%
I've
92%
learn
92%
me
92%
never
92%
out
92%
runnin'
92%
said
92%
see
92%
stars
92%
tonight
92%
Took
92%
want
92%
wished
92%
with
92%
With
92%
words
92%
would
92%
wrote
92%
and
83%
do
83%
feel
83%
from
83%
home
83%
I'm
83%
meant
83%
nothing
83%
picket
83%
purpose
83%
remember
83%
somebody
83%
stand
83%
That
83%
this
83%
'til
83%
tour
83%
vegetable"
83%
weren't
83%
what
83%
will
83%
your
83%
alone
75%
along
75%
Drowning
75%
else?
75%
feeling's
75%
forever
75%
gone
75%
it's
75%
It's
75%
know
75%
look
75%
morning
75%
myself
75%
over
75%
Pretending
75%
same
75%
sign
75%
sky
75%
something
75%
songs
75%
take
75%
three
75%
tractor
75%
where
75%
Why
75%
you're
75%
beam
67%
birds
67%
can't
67%
Coming
67%
Hum
67%
I'll
67%
just
67%
sleep
67%
Sometimes
67%
Because
58%
before
58%
Embarrased
58%
hate
58%
I'd
58%
impossible
58%
Instead
58%
matter
58%
of
58%
outside
58%
think
58%
time
58%
walls
58%
hearing
50%
that's
50%
things
50%
through
50%
Swore
42%
wrong
42%

Score Distribution

Percentile by Number Answered

Percent of People with Each Score

Your Score History

You have not taken this quiz